Pikmin 4 Treasure Catologue - Statistics

General Stats
  • This quiz has been taken 9 times
  • The average score is 5 of 239
Answer Stats
Amount Weight Max Carriers Sparklium value Answer % Correct
3 3 6 70 Sunseed Berry
100%
6 1 2 20 Cupid's Grenade
67%
1 7 14 110 Doggy Bed
33%
1 10 20 150 Dusty Bed
33%
1 7 14 110 Fishy Bed
33%
470 1 1 5 Gold Nugget
33%
2 12 24 90 Insect Condo
33%
2 3 6 40 Lesser Mock Bottom
33%
1 7 14 110 Merciless Extractor
33%
2 12 24 90 Mock Bottom
33%
2 12 24 90 Pocket Airhead
33%
1 10 20 150 Stone Of Advancement
33%
2 12 24 90 Tremendous Sniffer
33%
1 5 10 80 Ambiguous Goo
0%
1 10 20 150 Ambiguous Hostel
0%
1 12 24 180 Amplified Amplifier
0%
1 12 24 200 Ancient Statue Head
0%
2 10 20 90 Anxious Sprout
0%
1 5 10 80 Aspiration-Ritual Ball
0%
1 10 20 150 Aspiration-Ritual Pole
0%
2 12 24 90 Astringent Clump
0%
2 7 14 110 Back-at-the-Beginning Track
0%
1 12 24 180 Bathing Pool
0%
1 20 40 250 Beckoning Mannequin
0%
2 5 10 80 Belted Delicacy
0%
1 7 14 110 Birdy Bed
0%
1 2 4 40 Blast Shield
0%
2 5 10 40 Blonde Impostor
0%
3 1 1 5 Bright Sword
0%
1 5 10 80 Brush of Foolishness
0%
1 5 10 80 Brush of Wisdom
0%
1 20 40 200 Buddy Display
0%
1 5 10 80 Captivation Goo
0%
6 2 4 20 Chance Totem
0%
2 7 14 60 Child of the Earth
0%
4 7 14 60 Citrus Lump
0%
1 12 24 180 Condensed Sunshine
0%
1 10 20 150 Connection Detector
0%
1 50 100 300 Contemplation Station
0%
1 3 6 50 Cookie of Nibbled Circles
0%
1 3 6 50 Cookie of Prosperity
0%
1 1 1 20 Courage Emblem
0%
1 7 14 110 Creativity Conduit
0%
2 10 20 90 Crew-Cut Fourd
0%
1 100 100 200 Crimson Banquet
0%
2 12 24 90 Crunchy Deluge
0%
4 2 4 20 Crush Nugget
0%
1 7 14 110 Cushion Cake
0%
2 5 10 40 Dapper Blob
0%
1 3 6 100 Dapper Rubber Cutie
0%
1 5 10 80 Daughter Doll Head
0%
2 12 24 110 Daughter of the Earth
0%
2 15 30 110 Dawn Pustules
0%
2 5 10 40 Deceptive Snack
0%
1 3 6 80 Decorative Goo
0%
2 10 20 70 Delectable Bouquet
0%
1 15 30 230 Detective's Truth Seeker
0%
1 1 1 20 Devil's Portrait
0%
1 1 1 20 Diety's Portrait
0%
2 2 4 20 Difficult-Choice Totem
0%
1 10 20 150 Dimension Converter
0%
1 7 14 110 Director of Destiny
0%
3 5 10 40 Disguised Delicacy
0%
3 2 4 50 Disk of Amusing Wisdom
0%
3 2 4 10 Disk of Angry Wisdom
0%
6 2 4 1 Disk of Joyous Wisdom
0%
2 2 4 25 Disk of Sorrowful Wisdom
0%
3 2 4 100 Disk of Surprising wisdom
0%
2 3 6 40 Divine Balloon
0%
1 12 24 180 Don't-See-It Specs
0%
1 12 24 180 Double Dragon-Eyed Scope
0%
2 15 30 120 Dusk Pustules
0%
1 5 10 80 Emperor Whistle
0%
1 10 20 150 Empty Vase
0%
1 12 24 150 Expression Hider
0%
3 7 14 60 Face Wrinkler
0%
1 5 10 80 False Lollipop
0%
3 1 2 10 Fastening Item
0%
1 20 40 300 Faux Fishy
0%
2 20 40 170 Fire-Breathing Feast
0%
2 5 10 80 Fish-Bed Snack
0%
1 5 10 80 Fist-Force Combobot
0%
1 7 14 110 Flaky Temptation
0%
1 1 1 20 Floral Instigator
0%
2 5 10 80 Foolish Fruit
0%
1 20 40 450 Giant's Fossil
0%
1 3 6 50 Gifting Vase
0%
1 12 24 80 Gift of Friendship
0%
1 5 10 80 Glinty Circular Disc
0%
1 1000 100 1000 Golden Vaulting Table
0%
3 2 4 40 Go-with-the-Flow Totem
0%
1 3 6 50 Granddaughter Doll Head
0%
1 15 30 230 Greed-Inducement Device
0%
1 7 14 110 Harmonic Synthesizer
0%
2 1 1 5 Heart Sword
0%
1 3 6 50 Hearty Container
0%
1 5 10 120 Heat Sensor
0%
1 2 4 40 Heroic Shield
0%
3 1 1 5 Heroic Sword
0%
3 12 24 90 Heroine's Tear
0%
2 3 6 130 Hoop of Fortune
0%
2 3 6 130 Hoop of Healing
0%
2 3 6 130 Hoop of Passion
0%
3 1 1 5 Ice Sword
0%
1 3 6 80 Illumination Goo
0%
1 5 10 120 Internal-Clock Measurer
0%
1 10 20 150 Jiggle-Jiggle
0%
3 1 2 20 Juicy Gaggle
0%
1 10 20 80 Kick-Start Combobot
0%
1 300 100 500 King of Meats
0%
1 20 40 300 Lamp of Inspiration
0%
1 7 14 110 Leisure Car
0%
1 10 20 150 Life Controller
0%
1 10 20 150 Life Station
0%
2 2 4 40 Long-Shot Totem
0%
1 1 1 20 Love Emblem
0%
3 10 20 90 Love Nugget
0%
1 3 6 50 Love's Fortune Cookie
0%
2 5 10 80 Maestro of Flavor
0%
1 10 20 150 Mama Doll Head
0%
1 5 10 110 Masterpiece Plank
0%
1 7 14 110 Maternal Sculpture
0%
1 7 14 150 Mechanical Harp (Lullabies)
0%
1 7 14 150 Mechanical Harp (Memory Song)
0%
1 7 14 150 Mechanical Harp (Windmills)
0%
1 15 30 250 Mega Horn
0%
1 2 4 50 Memory Fragment (Bottom-ish)
0%
1 2 4 50 Memory Fragment (Bottom Left)
0%
1 2 4 50 Memory Fragment (Bottom...Probably?)
0%
1 2 4 50 Memory Fragment (Bottom Right)
0%
1 2 4 50 Memory Fragment (Center Left)
0%
1 2 4 50 Memory Fragment (Center Right)
0%
1 2 4 50 Memory Fragment (Left Edge)
0%
1 2 4 50 Memory Fragment (Right Edge)
0%
1 2 4 50 Memory Fragment (Top-ish)
0%
1 2 4 50 Memory Fragment (Top Left)
0%
1 2 4 50 Memory Fragment (Top...Probably?)
0%
1 2 4 50 Memory Fragment (Top Right)
0%
1 10 20 150 Micromanagement Station
0%
1 7 14 110 Middle-Management Tank Car
0%
1 1 1 20 Money Emblem
0%
1 20 40 300 Monster Teeth
0%
1 5 10 80 Mooching Vase
0%
1 15 30 350 Mouth of Lies
0%
2 30 60 150 Mysterious Carriage
0%
4 2 4 40 Mystery Squish Fish
0%
1 5 10 80 Neon Goo
0%
1 20 40 400 Newtolite Shell
0%
1 12 24 80 Nexus Combobot
0%
1 3 6 50 Noble Bident
0%
1 3 6 80 Noble Goo
0%
1 12 24 200 Number Jumper
0%
4 2 4 40 Octoplus
0%
1 10 20 150 Olfactory Sculpture
0%
5 5 10 40 Orbital Communication Sphere
0%
1 10 20 150 Orb of Destruction
0%
1 5 10 100 Path Creator
0%
1 7 14 80 Peacemaker Combobot
0%
8 1 2 10 Perforated Raft
0%
1 12 24 300 Persistence Machine
0%
1 5 10 80 Personal-Injury Plank
0%
5 5 10 40 Planetary Rubber Cutie
0%
2 10 20 70 Portable Sunset
0%
1 1 1 20 Power Emblem
0%
1 3 6 150 Priceless Bird
0%
1 3 6 150 Princess Pearl
0%
1 7 14 110 Puzzle Snack
0%
1 5 10 80 Refreshing Goo
0%
3 7 14 60 Relentless Spear
0%
1 2 4 40 Ring-of-Return Shield
0%
1 2 4 40 Satellite Shield
0%
2 10 20 70 Scaly Custard
0%
3 3 6 50 Searing Acidshock
0%
1 7 14 150 Secured Satchel
0%
2 12 24 90 Seed Hive
0%
1 12 24 180 Shake-a-Smile
0%
1 10 20 150 Shattering Lance
0%
1 2 4 40 Shooting-Star Shield
0%
2 3 6 40 Skin of the Phoenix
0%
2 15 30 120 Slapstick Crescent
0%
1 15 30 300 Slipper-Bug Fossil
0%
2 2 4 30 Snack Bean
0%
1 5 10 170 Solar-Powered Computing Machine
0%
1 15 30 230 Soul Reverberator
0%
1 7 14 110 Space Spinner
0%
1 7 14 110 Sphere of Beginnings
0%
1 7 14 110 Sphere of Calm
0%
1 7 14 110 Sphere of Desire
0%
1 7 14 110 Sphere of Family
0%
1 7 14 100 Sphere of Fuzzy Feelings
0%
1 7 14 110 Sphere of Good Fortune
0%
1 7 14 110 Sphere of Heart
0%
1 7 14 110 Sphere of Support
0%
1 7 14 110 Sphere of Trust
0%
1 7 14 110 Sphere of Truth
0%
1 7 14 110 Sphere of Vitality
0%
1 5 10 110 Spinning Memories Plank
0%
3 1 1 5 Spirit Sword
0%
2 2 4 70 Spouse Alert
0%
2 3 6 40 S.S. Berry
0%
2 3 6 40 S.S. Chocolate
0%
2 3 6 40 S.S. Peppermint
0%
10 3 6 20 Stately Rubber Cutie
0%
2 5 10 40 Stellar Extrusion
0%
2 3 6 20 Sticky Jewel
0%
1 7 14 110 Straight-and-Narrow Track
0%
1 10 20 80 Sure-Footed Combobot
0%
2 3 6 40 Sweat-Soaked Blue Bird
0%
3 7 14 60 Sweet Stumble-Not
0%
1 10 20 150 Sweet Torrent
0%
1 2 4 40 Talisman of Life (Cherry Blossom)
0%
1 2 4 40 Talisman of Life (Crane)
0%
1 2 4 40 Talisman of Life (Moon)
0%
1 2 4 40 Talisman of Life (Phoenix)
0%
1 2 4 40 Talisman of Life (Rain)
0%
1 10 20 150 Tandem Trainer
0%
1 10 20 150 Telekinesis Detector
0%
1 7 14 110 Temporal Mechanism
0%
1 15 30 230 The Four Grill Brothers
0%
1 5 10 50 Think-Tank Combobot
0%
2 7 14 150 Thrill-Ride Track
0%
1 12 24 180 Time Marker
0%
12 1 2 20 Trap Lid
0%
1 3 6 80 True Goo
0%
2 7 14 150 Turn-of-Events Track
0%
1 10 20 150 Unbreakable Promise
0%
1 30 60 300 Unfinished Statue
0%
1 12 24 180 Unfloatable Boat
0%
1 3 6 80 Uniquely You Goo
0%
3 10 20 90 Universal Rubber Cuite
0%
1 7 14 110 Unlimited Locomotive
0%
1 3 6 50 Vanishing Cookie
0%
2 5 10 40 Velvety Dreamdrop
0%
2 50 100 200 Wayward Moon
0%
1 7 14 110 Wind Detector
0%
1 20 40 300 Winged Freedom Sculpture
0%
1 1 1 20 Wisdom Emblem
0%
1 1 1 20 Work Emblem
0%
3 12 24 60 Zest Bomb
0%
No matching quizzes found
Score Distribution
Percent of People with Each Score
Percentile by Number Answered
Your Score History
You have not taken this quiz